书目信息 |
| 题名: |
聚合物近代仪器分析
|
|
| 作者: | 杨睿 编著 | |
| 分册: | ||
| 出版信息: | 北京 清华大学出版社 2010.06 |
|
| 页数: | 330页 | |
| 开本: | 28cm | |
| 丛书名: | ||
| 单 册: | ||
| 中图分类: | O631.6 | |
| 科图分类: | ||
| 主题词: | 高分子化学 , 高聚物 | |
| 电子资源: | ||
| ISBN: | 978-7-302-20708-5 | |
| 000 | 00603nam0 2200217 45 | |
| 001 | 1029960800 | |
| 005 | 20101207082119.43 | |
| 010 | @a978-7-302-20708-5@dRMB 39.90 | |
| 100 | @a20101207d2010 km y0chiy0120 ea | |
| 101 | 0 | @achi |
| 102 | @aCN@b110000 | |
| 200 | 1 | @a聚合物近代仪器分析@Aju he wu jin dai yi qi fen xi@f杨睿等编著@Fyang rui deng bian zhu |
| 205 | @a3版 | |
| 210 | @a北京@c清华大学出版社@d2010.06 | |
| 215 | @a330页@d28cm | |
| 606 | 0 | @a高分子化学 |
| 606 | 0 | @a高聚物 |
| 690 | @aO631.6@v4 | |
| 701 | 0 | @a杨睿@Ayang rui@4编著 |
| 801 | 0 | @aCN@bPFT@c20101207 |
| 905 | @a10447@dO631.6@eY253 | |
| 聚合物近代仪器分析/杨睿等编著.-3版.-北京:清华大学出版社,2010.06 |
| 330页;28cm |
| ISBN 978-7-302-20708-5:RMB 39.90 |
| ● |
| 相关链接 |
|
|
|
正题名:聚合物近代仪器分析
索取号:O631.6/Y253
 
预约/预借
| 序号 | 登录号 | 条形码 | 馆藏地/架位号 | 状态 | 备注 |
| 1 | 824981 | 208249812 | 材料与化工学院资料室/ [索取号:O631.6/Y253] | 在馆 |